Southville International School and Colleges
Your cart is empty.
  • Cart
  • Lists
    Public lists Eva Luna New books Lux_list list_1
    Your lists Log in to create your own lists
  • Log in to your account
  • Your cookies
  • Search history
Southville International School and Colleges
  • Advanced search
  • Recent comments
  • Most popular
  • Libraries

Log in to your account

Log in with GOOGLE


If you do not have an external account, but do have a local account, you can still log in:

  1. Home
  2. MARC view: Management /
Normal view MARC view ISBD view

Management / (Record no. 276712)

[ view plain ]
MARC details
000 -LEADER
fixed length control field 00563nam a22001937a 4500
003 - CONTROL NUMBER IDENTIFIER
control field SISC
005 - DATE AND TIME OF LATEST TRANSACTION
control field 20170119141217.0
008 - FIXED-LENGTH DATA ELEMENTS--GENERAL INFORMATION
fixed length control field 141106b xxu||||| |||| 00| 0 eng d
020 ## - INTERNATIONAL STANDARD BOOK NUMBER
International Standard Book Number 9780273787020
050 ## - LIBRARY OF CONGRESS CALL NUMBER
Classification number HD 31
Item number .R588 2014
100 ## - MAIN ENTRY--PERSONAL NAME
Personal name Robbins, Stephen P.
245 ## - TITLE STATEMENT
Title Management /
Statement of responsibility, etc Stephen P. Robbins.
250 ## - EDITION STATEMENT
Edition statement 12th edition.
Remainder of edition statement Global edition.
260 ## - PUBLICATION, DISTRIBUTION, ETC. (IMPRINT)
Place of publication, distribution, etc Frenchs Forest NSW :
Name of publisher, distributor, etc Pearson,
Date of publication, distribution, etc 2014.
300 ## - PHYSICAL DESCRIPTION
Extent 720 pages :
Other physical details color illustrations ;
Dimensions 26 cm.
521 ## - TARGET AUDIENCE NOTE
Target audience note Business Administration
650 ## - SUBJECT ADDED ENTRY--TOPICAL TERM
Topical term or geographic name as entry element Management.
942 ## - ADDED ENTRY ELEMENTS (KOHA)
Source of classification or shelving scheme Library of Congress Classification
Koha item type Books
Call number prefix Foreign
Holdings
Withdrawn status Lost status Source of classification or shelving scheme Damaged status Home library Current library Shelving location Date acquired Source of acquisition Sub Shelving location Total Checkouts Full call number Barcode Date last seen Price effective from Koha item type
    Library of Congress Classification   College Library College Library Reserve Section 11/06/2014 Library Fund     HD 31 .R588 2014 C18832 05/15/2018 11/06/2014 Books

Management /

APA

Robbins S. P., . (2014). Management. Frenchs Forest NSW: Pearson.

Chicago

Robbins Stephen P, . 2014. Management. Frenchs Forest NSW: Pearson.

Harvard

Robbins S. P., . (2014). Management. Frenchs Forest NSW: Pearson.

MLA

Robbins Stephen P, . Management. Frenchs Forest NSW: Pearson. 2014.

  • Place hold
  • Print
  • Cite
  • Add to your cart (remove)
  • Save record
    BIBTEX Dublin Core MARCXML MARC (non-Unicode/MARC-8) MARC (Unicode/UTF-8) MARC (Unicode/UTF-8, Standard) MODS (XML) RIS
  • More searches
    Search for this title in:
    Other Libraries (WorldCat) Other Databases (Google Scholar) Online Stores (Bookfinder.com) Open Library (openlibrary.org)

Exporting to Dublin Core...

SOUTHVILLE LIBRARY

Southville International School and Colleges Library

1281 Tropical Ave. Cor. Luxembourg St., BF Homes International, Las Pinas City

Tel. No. 8256374 / 252358 Loc. 117/146

Powered by Koha